Ako šediny menia ekonomiku

Fenomén starnutia a jeho vplyv na ekonomiku. Starnutie zníži rast hospodárstva, ale zvýši dopyt po špecifických tovaroch a službách.

Uložené v:
Podrobná bibliografia
Hlavný autor: Lehuta, Michal
Médium: Kapitola
Jazyk:Slovak
Predmet:
Tagy: Pridať tag
Žiadne tagy, Buďte prvý, kto otaguje tento záznam!

MARC

LEADER 00000naa a2200000 4500
001 0158076
005 20231113080239.9
041 0 |a slo 
044 |a SK 
245 1 0 |a Ako šediny menia ekonomiku  |c Michal Lehuta 
520 |a Fenomén starnutia a jeho vplyv na ekonomiku. Starnutie zníži rast hospodárstva, ale zvýši dopyt po špecifických tovaroch a službách. 
610 2 0 |a starnutie populácie 
610 2 0 |a rast hospodársky 
100 1 |a Lehuta, Michal